000 00745cam a2200217 a 4500
001 000005712
005 20200929151744.0
008 010615s2000 cu a b 000 0 spa
020 _a9592241112
040 _aDO-SdBNP
_cDLC
_dDLC
082 _a972.91
_bR696c
100 1 _aRodríguez La O, Raúl.
_916131
245 1 0 _aCuba en mi corazón /
_cRaúl Rodríguez La O. ; edición, Felipa Suárez Ramos.
260 _aLa Habana, Cuba :
_bVerde Olivo,
_c2000.
300 _a198 p. :
_bil. ;
_c22 cm.
504 _aIncluye referencias bibliográficas
651 4 _aCuba
_xHistoria
_y1810-1899.
_92159
650 4 _aPeriodistas
_xCorrespondencia, memorias, etc
_916146
700 1 _aSuárez Ramos, Felipa
_916139
910 _aCatalogación por copia / LC
999 _c5508
_d5508